000 00394nam a2200157Ia 4500
008 230524s9999 xx 000 0 und d
082 _a621.3821
_bAGR
100 _aJai P.Agrawal
245 0 _aPower Electronic Systems Theory and Design
250 _a2ND
260 _aSINGAPORE
_bPearson
_c2002
300 _aXII;562
500 _aQuantity Number: 2
650 _aElectrical
942 _cBK
999 _c20288
_d20288